| 000 | 00477cam a2200193ua 4500 | ||
|---|---|---|---|
| 020 | _c9.20 | ||
| 041 |
_aeng _h |
||
| 082 |
_a510 _bCHA/BA |
||
| 100 | _aChance , J . | ||
| 245 |
_aBasic mathematics of technology vol-1 / _cJ Chance. _hTextual Documents |
||
| 250 |
_a1 / _b. |
||
| 260 |
_aLondon : _bUniversity of London Press Ltd , _c1961. |
||
| 300 | _a264 ; . | ||
| 365 | _a9.20 | ||
| 504 | _a | ||
| 700 | 1 | _aSims, G F . | |
| 942 | _cBK | ||
| 999 |
_c9493 _d9493 |
||